00538nam a2200193Ia 4500003000400000005001700004008004100021020001800062040000600080041001200086082002200098100005600120245003600176250001200212260003000224300001400254400004700268650002900315OSt20250122095619.0231217s9999 xx 000 0 und d a9788178082448 c0 aEnglish a621.38481 OPP;23 aOppenheim, Alan V. Schafer, Ronald W. Buck, John R. 0aDiscrete time signal processing a2nd ed. c1999bPearsonaSouth Asia axxvi, 870 aPearson education Signal processing series aDiscrete,time,processing